আমেরিকান প্রজাতন্ত্রের ইতিহাস / (Record no. 41531)
[ view plain ]
| 000 -LEADER | |
|---|---|
| fixed length control field | 01448nam a2200265 a 4500 |
| 001 - CONTROL NUMBER | |
| control field | 41531 |
| 003 - CONTROL NUMBER IDENTIFIER | |
| rucl marc code | BD-RjUL |
| 005 - DATE AND TIME OF LATEST TRANSACTION | |
| control field | 20211209053415.0 |
| 008 - FIXED-LENGTH DATA ELEMENTS--GENERAL INFORMATION | |
| fixed length control field | 160601s1987 b a|||| |||| 00| 0 ben d |
| 020 ## - INTERNATIONAL STANDARD BOOK NUMBER | |
| Terms of availability | : Tk. 60.00 |
| 035 ## - SYSTEM CONTROL NUMBER | |
| System control number | (BD-RjUL)41649 |
| 040 ## - CATALOGING SOURCE | |
| Original cataloging agency | BD-RjUL |
| Language of cataloging | ben |
| Transcribing agency | BD-RjUL |
| Modifying agency | BD-RjUL |
| 041 ## - LANGUAGE CODE | |
| Language code of text/sound track or separate title | ben |
| 082 ## - DEWEY DECIMAL CLASSIFICATION NUMBER | |
| Edition number | 23 |
| Classification number | 973 |
| Author mark and year | MOA 1987 |
| 100 ## - MAIN ENTRY--PERSONAL NAME | |
| Personal name | মরিসন, স্যামুয়্যাল এলিয়ট |
| 9 (RLIN) | 127633 |
| 245 10 - TITLE STATEMENT | |
| Title | আমেরিকান প্রজাতন্ত্রের ইতিহাস / |
| Statement of responsibility, etc. | স্যামুয়্যাল এলিয়ট মরিসন, হেনরি স্টীল কমেজার, উইলিয়াম ই. লিয়কটেনবার্গ ; অনুবাদ : সালাউদ্দিন আহমেদ [...এবং অন্যান্য] |
| 260 ## - PUBLICATION, DISTRIBUTION, ETC. (IMPRINT) | |
| Place of publication, distribution, etc. | ঢাকা : |
| Name of publisher, distributor, etc. | খোরশেদ কিতাব মহল, |
| Date of publication, distribution, etc. | ১৯৮৭ |
| 300 ## - PHYSICAL DESCRIPTION | |
| Pagination | [১৬], ১০৪০ পৃ. : |
| Illustrations | চিত্র ; |
| Size | ২৩ সেমি. |
| 650 ## - SUBJECT ADDED ENTRY--TOPICAL TERM | |
| Topical term or geographic name as entry element | যুক্তরাষ্ট্র |
| General subdivision | ইতিহাস |
| 9 (RLIN) | 116641 |
| Topical term or geographic name as entry element | United States |
| General subdivision | History. |
| 9 (RLIN) | 116642 |
| 700 ## - ADDED ENTRY--PERSONAL NAME | |
| Personal name | কমেজার, হেনরি স্টীল |
| Personal name | লিয়কটেনবার্গ, উইলিয়াম ই. |
| Personal name | আহমেদ, সালাউদ্দিন, অনুবাদক |
| 942 ## - ADDED ENTRY ELEMENTS (KOHA) | |
| Source of classification or shelving scheme | Dewey Decimal Classification |
| Koha item type | Books |
| Lost status | Source of classification or shelving scheme | Damaged status | Not for loan | Collection code | Permanent Location | Current Location | Shelving location | Date acquired | Source of acquisition | Cost, normal purchase price | Total Checkouts | Full call number | Date last seen | Date checked out | Copy number | Koha item type |
|---|---|---|---|---|---|---|---|---|---|---|---|---|---|---|---|---|
| Dewey Decimal Classification | Non-fiction | Central Library, University of Rajshahi | Central Library, University of Rajshahi | 06/07/1988 | American Information service, Dhaka | 60.00 | 7 | B 973 MOA 1987 | 09/07/2023 | 07/06/2023 | C-2 | Books | ||||
| Dewey Decimal Classification | Not For Loan | Non-fiction | Central Library, University of Rajshahi | Central Library, University of Rajshahi | Reading Room | 06/07/1988 | Dhaka, American Information Service | 60.00 | B 973 MOA 1987 | 06/03/2017 | C-1 | Books |